Znalostné inžinierstvo a jeho význam v študijnom odbore hospodárskej informatiky

V kontexte výučby hospodárskej informatiky, kde je hlavnou úlohou navrhovanie a modelovanie podnikových procesov a podnikových IS, je potrebné sa zaoberať aj tvorbou znalostných systémov. Znalostné systémy sú pridanou hodnotou pre podniky a v dnešnej dobe majú význam nielen v uchovávaní znalostí, al...

Descrizione completa

Salvato in:
Dettagli Bibliografici
Autore principale: Rakovská, Eva, 1963-
Natura: Capitolo di libro
Lingua:slovacco
Soggetti:
Tags: Aggiungi Tag
Nessun Tag, puoi essere il primo ad aggiungerne!!

MARC

LEADER 00000nla$a2200000$$$4500
001 0127970
005 20240502072446.9
041 0 |a slo 
044 |a SK 
245 1 0 |a Znalostné inžinierstvo a jeho význam v študijnom odbore hospodárskej informatiky  |c Eva Rakovská 
520 |a V kontexte výučby hospodárskej informatiky, kde je hlavnou úlohou navrhovanie a modelovanie podnikových procesov a podnikových IS, je potrebné sa zaoberať aj tvorbou znalostných systémov. Znalostné systémy sú pridanou hodnotou pre podniky a v dnešnej dobe majú význam nielen v uchovávaní znalostí, ale vďaka orientácii na internetové technológie sa využívajú na vyhľadávanie potrebných informácií z internetu alebo z rozsiahlych podnikových databáz. Znalostné inžinierstvo možno nazvať vyššou úrovňou softvérového inžinierstva. 
610 2 0 |a systémy informačné 
610 2 0 |a internet 
610 2 0 |a technológie informačné 
610 2 0 |a informatika 
610 2 0 |a vedomosti 
610 2 0 |a vzdelávanie 
100 1 |a Rakovská, Eva, 1963-